Statistiken für Tiere des Zoos Berlin

Klicken Sie hier um das Quiz zu spielen!

Allgemein

  • Dieses Quiz wurde 44 mal gespielt
  • Das Durchschnittsergebnis liegt bei 24 aus 156

Antwortstatistiken

HintAntwort% Korrekt
KatzeLöwe
97%
KatzeTransvaal-Löwe
97%
HuftierPrzewalski-Pferd
89%
AfrotheriaIndischer Elefant
81%
PrimatGorilla
76%
HuftierCrevy-Zebra
73%
HuftierGiraffe
73%
PrimatGewöhnlicher Schimpanse
68%
HundeartigeEuropäischer Wolf
65%
BeuteltierRotes Riesenkänguru
65%
HuftierPanzernashorn
62%
KatzeJaguar
57%
KatzePersischer Leopard
57%
VogelBrillenpinguin
54%
VogelGroßer Emu
54%
VogelHumboldtpinguin
54%
VogelKönigspinguin
54%
VogelSteinadler
49%
VogelBlauhalsstrauß
46%
VogelHyazinthara
46%
VogelBrillenpelikan
41%
VogelKrauskopfpelikan
41%
VogelSchneeeule
41%
HundeartigeErdmännchen
38%
VogelEuropäischer Uhu
38%
FischGefleckter Teppichhai
38%
FledertierPallas-Blütenfledermaus
35%
VogelBartgeier
32%
VogelGänsegeier
32%
HundeartigeKleiner Panda
32%
HuftierPräriebison
32%
HuftierChinesisches Wasserreh
30%
NebengelenktierGroßer Ameisenbär
30%
BärGroßer Panda
30%
HuftierJapan-Sikahirsch
30%
HuftierMesopotamischer Damhirsch
30%
HuftierPrinz-Alfred-Hirsch
30%
NebengelenktierSüdliches Kugelgürteltier
30%
NagetierEurasischer Biber
27%
EchsePapuawaran
27%
NebengelenktierZweifingerfaultier
27%
HuftierSibirischer Steinbock
22%
HundeartigeKalifornischer Seelöwe
19%
EchsePantherchamäleon
19%
NagetierSüdafrikanisches Stachelschwein
19%
FischKoi
16%
HuftierOkapi
16%
NagetierWasserschwein
16%
VogelDiamantfasan
14%
AfrotheriaErdferkel
14%
HundeartigeFennek
14%
BärIndischer Lippenbär
14%
AmphibNordafrikanischer Feuersalamander
14%
FischBlauer Doktorfisch
11%
SchlangeTexas-Klapperschlange
11%
VogelWüstenbussard
11%
HundeartigeAfrikanischer Wildhund
8%
FischAtlantischer Meeraal
8%
FischGroße Netzmuräne
8%
FischGrüne Muräne
8%
HundeartigeOstatlantischer Seehund
8%
VogelSekretär
8%
HuftierSüdliche Oryx
8%
NutztierVietnamesisches Hängebauchschwein
8%
NagetierAlpenmurmeltier
5%
PrimatBrauner Kapuzineraffe
5%
VogelDolchstichtaube
5%
FischEuropäischer Wels
5%
EchseGangesgavial
5%
VogelKronenkranich
5%
VogelMarabu
5%
KloakentierNeuguinea-Kurzschnabeligel
5%
VogelNordstreifenkiwi
5%
VogelRebhuhn
5%
SpinnentierSchwarze Witwe
5%
PrimatSiamang
5%
KatzeArabische Sandkatze
3%
FischArapaima
3%
VogelChileflamingo
3%
HuftierDefassa-Wasserbock
3%
AmphibGelbbauchunke
3%
NagetierGroßes Mara
3%
VogelHelmkasuar
3%
VogelKaptriel
3%
VogelKea
3%
PrimatLisztäffchen
3%
VogelMandschurenkranich
3%
HuftierNyala
3%
HuftierÖstlicher Bongo
3%
EchsePrachtskink
3%
VogelSchwarzstorch
3%
EchseStirnlappenbasilisk
3%
FischTarpun
3%
EchseTokeh
3%
HuftierVorderindischer Gaur
3%
NutztierZwergziege
3%
VogelAndenkondor
0%
EchseAustralische Kragenechse
0%
FischAustralischer Lungenfisch
0%
PrimatBartaffe
0%
MäuseartigeBayerische Kurzohrmaus
0%
InsektBlattschneiderameise
0%
HuftierBlessbock
0%
SchildkröteBorneo-Flussschildkröte
0%
FledertierBrillenblattnase
0%
VogelBrillenkauz
0%
EchseBrückenechse
0%
HuftierEuropäisches Waldren
0%
VogelGaukler
0%
FischGepunkteter Igelfisch
0%
FischGoldringel-Kugelfisch
0%
HuftierGroßer Kudu
0%
VogelHalsband-Wehrvogel
0%
VogelHammerkopf
0%
PrimatHulman
0%
VogelInkaseeschwalbe
0%
NutztierKamerunschaf
0%
HuftierKapland-Springbock
0%
PrimatKappengibbon
0%
HuftierKirk-Dikdik
0%
AmphibKorallenfinger-Laubfrosch
0%
EchseKrokodilteju
0%
AmphibKuba-Laubfrosch
0%
VogelLöffelente
0%
MäuseartigeMadagaskar-Riesenratte
0%
HuftierNegros-Pustelschwein
0%
EchseOman-Dornschwanzagame
0%
PrimatPlumplori
0%
HundeartigeRingenschwanzmungo
0%
HuftierRotbüffel
0%
SchlangeRote Regenbogenboa
0%
PrimatRoter Springaffe
0%
PrimatRotgesichtsmakak
0%
VogelRotschnabel-Sonnenvogel
0%
AfrotheriaRotschulter-Rüsselhündchen
0%
HuftierSäbelantilope
0%
VogelSchneekranich
0%
VogelSchwanengans
0%
EchseSchwarzer Hardun
0%
FischSchwarzflecken-Stechrochen
0%
HuftierSichuan-Takir
0%
VgogelSonnenralle
0%
SchildkröteSpaltenschildkröte
0%
AmphibSpanischer Rippenmolch
0%
SchildkröteStrahlenschildkröte
0%
KatzeSüdliche Ozelotkatze
0%
VogelSüdlicher Hornrabe
0%
AmphibTiticaca-Riesenfrosch
0%
VogelWaldrapp
0%
NutztierWatussi-Rind
0%
KatzeZentralamerikanische Langschwanzkatze
0%
FischZitterwels
0%
NebengelenktierZweifingerfaultier
0%
HundeartigeZwergmanguste
0%
AmphibZwergwabenkröte
0%
VogelZwergwachtel
0%

Verteilung der Resultate

Perzentil nach korrekt beantworteten Fragen

Anzahl Personen mit jedem Resultat

Ihre Resultats-Entwicklung

Sie haben dieses Quiz noch nicht gespielt